Engineering chemistry / (Record no. 170527)

MARC details
000 -LEADER
fixed length control field 00717nam a2200205 4500
005 - DATE AND TIME OF LATEST TRANSACTION
control field 20191217141726.0
010 ## - LCCN (DPL NO)
LC control number ENG-127165
020 ## - INTERNATIONAL STANDARD BOOK NUMBER
International Standard Book Number 9789389588392
Terms of availability 299.00
035 ## - SYSTEM CONTROL NUMBER
System control number EN-110697
037 ## - SOURCE OF ACQUISITION
Source of stock number/acquisition DBAD/PUB
082 ## - DEWEY DECIMAL CLASSIFICATION NUMBER
Classification number 540
100 ## - MAIN ENTRY--PERSONAL NAME
Personal name Maheswaramma, K.Sesha
245 ## - TITLE STATEMENT
Title Engineering chemistry /
Statement of responsibility, etc by K.Sesha Maheswaramma [and] Mridula Chug
260 ## - PUBLICATION, DISTRIBUTION, ETC. (IMPRINT)
Place of publication, distribution, etc Noida
Name of publisher, distributor, etc Pearson India Education
Date of publication, distribution, etc 2020
270 ## - ADDRESS
Address 15th Floor, Tower-B, World Trade Tower, Plot No. 1 Block- C, Sector-16
City Noida, Uttar Pradesh
Postal code 201301
Electronic mail address companysecretary.india@pearson.com
300 ## - PHYSICAL DESCRIPTION
Extent xxii;various paging.
Dimensions 23cm(pbk)
500 ## - GENERAL NOTE
General note Includes index
700 ## - ADDED ENTRY--PERSONAL NAME
Personal name Chugh, Mridula
942 ## - ADDED ENTRY ELEMENTS (KOHA)
Source of classification or shelving scheme Dewey Decimal Classification
Item type English Books
Classification part 540
Call number suffix MAH
Holdings
Withdrawn status Lost status Not for loan Collection code Home library Current library Date acquired Source of acquisition Cost, normal purchase price Full call number Barcode Copy number Cost, replacement price Koha item type
      Non-fiction D.B.Act.Division Mobile Library 17/12/2019 DBAD/PUB 299.00 540 MAH EN-110697 1 299.00 English Books

© Delhi Public Library
Hit Counter
free hit counter